Historicity of Rama and Krsna : (Record no. 42326)

MARC details
000 -LEADER
fixed length control field 00876nam a22002417a 4500
005 - DATE AND TIME OF LATEST TRANSACTION
control field 20100817163831.0
010 ## - LCCN (DPL NO)
LC control number ENG-100740
020 ## - INTERNATIONAL STANDARD BOOK NUMBER
International Standard Book Number 9788124604564
Terms of availability 80.00
020 ## - INTERNATIONAL STANDARD BOOK NUMBER
International Standard Book Number 812460456
Terms of availability 80.00
035 ## - SYSTEM CONTROL NUMBER
System control number EN-84273
037 ## - SOURCE OF ACQUISITION
Source of stock number/acquisition DBAD/PUB
082 ## - DEWEY DECIMAL CLASSIFICATION NUMBER
Classification number 220
100 ## - MAIN ENTRY--PERSONAL NAME
Personal name Singh, G. P.
245 ## - TITLE STATEMENT
Title Historicity of Rama and Krsna :
Remainder of title literary, historical, archaeological and scientific perspectives /
Medium by G. P. Singh
260 ## - PUBLICATION, DISTRIBUTION, ETC. (IMPRINT)
Place of publication, distribution, etc New Delhi
Name of publisher, distributor, etc D.K. Printworld
Date of publication, distribution, etc 2008
270 ## - ADDRESS
Address Sri Kunj, F-52, Bali Nagar, Ramesh Nagar Metro Station
City New Delhi
Postal code 110015
300 ## - PHYSICAL DESCRIPTION
Extent 49p.
Dimensions 21cm (pbk)
500 ## - GENERAL NOTE
General note Includes bibliographical references
650 ## - SUBJECT ADDED ENTRY--TOPICAL TERM
Topical term or geographic name as entry element Hinduism
650 ## - SUBJECT ADDED ENTRY--TOPICAL TERM
Topical term or geographic name as entry element Vedic literature
942 ## - ADDED ENTRY ELEMENTS (KOHA)
Source of classification or shelving scheme Dewey Decimal Classification
Item type English Books
Classification part 220
Call number suffix SIN
Holdings
Withdrawn status Lost status Not for loan Collection code Home library Current library Date acquired Source of acquisition Cost, normal purchase price Full call number Barcode Copy number Cost, replacement price Koha item type
    Not For Loan Non-fiction D.B.Act.Division D.B.Act.Division 17/08/2010 DBAD/PUB 80.00 220 SIN EN-84273 1 80.00 English Books

© Delhi Public Library
Hit Counter
free hit counter